00249nam a2200085Ia 4500008004100000100002200041245005200063260004000115300000800155191201s2012 xx 000 0 und d aSRIVASTAVA, Priti 0aComputer Applications in mechanical engineering c2012bIshan PublicationsaNEW DELHI a152